Arkadaş olalım mı? / (Record no. 23462)

MARC details
000 -BAŞLIK
Sabit Uzunluktaki Kontrol Alanı 00555nam a22001937a 4500
003 - KONTROL NUMARASI KİMLİĞİ
Kontrol Alanı koha_MIRAKIL
005 - EN SON İŞLEM TARİHİ ve ZAMANI
Kontrol Alanı 20260414105205.0
008 - SABİT UZUNLUKTAKİ VERİ ÖGELERİ - GENEL BİLGİ
Sabit Alan 260414b tur||||| |||| 00| 0 tur d
020 ## - ISBN - ULUSLARARASI STANDART KİTAP NUMARASI
Isbn 9786059781510
040 ## - KATALOGLAMA KAYNAĞI
Özgün Kataloglama Kurumu TR-IsEVY
Kataloglama Dili tur
Çeviri Kurumu TR-IsEVY
082 ## - DEWEY ONU SINIFLAMA SİSTEMİ
Sınıflama Numarası FIC LIA/A
100 ## - KİŞİ ADI
Yazar Adı (Kişi adı) Lia, Simone
245 #0 - ESER ADI BİLDİRİMİ
Başlık Arkadaş olalım mı? /
Sorumluluk Bildirimi Simone Lia.
250 ## - BASIM BİLDİRİMİ
Basım Bildirimi 2. bs.
260 ## - YAYIN, DAĞITIM, VB.
Yayın Yeri İstanbul :
Yayınevi Redhouse Kidz,
Yayın Tarihi 2017.
300 ## - FİZİKSEL TANIMLAMA
Sayfa, Cilt vb. 183 s. :
Diğer fiziki detaylar renkli resimli ;
Boyutları 18 cm.
650 ## - KONU BAŞLIĞI EK GİRİŞ - KONU TERİMİ
Konusal terim veya coğrafi ad Çocuk Edebiyatı.
Alt başlık biçimi Çocuk Romanı.
-- Arkadaşlık.
942 ## - EK GİRİŞ ÖGELERİ (KOHA)
Source of classification or shelving scheme Dewey Decimal Classification
Koha item type Kitap
Holdings
Kayıp Durumu Sınıflandırma Kaynağı Hasarlı Durumu Koleksiyon Kodu Kalıcı Konum Mevcut Konum Kayıt Tarih Edinim Kaynağı Toplam Ödünçverme Yer Numarası Demirbaş Numarası Son Görülme Tarihi Fatura Tarihi Materyal Türü
  Dewey Decimal Classification   İlkokul İLKOKUL KÜTÜPHANESİ İLKOKUL KÜTÜPHANESİ 14/04/2026 Bağış   FIC LIA/A 25067 14/04/2026 14/04/2026 Kitap